00978 a2200229 4500003000500000005001700005010001700022020002600039020002900065035002400094040000900118082001600127100003200143245012100175260003600296300003500332505018800367650003400555942001300589999001900602952012700621Nust20221006150254.0 a 2011010940 a0470255609 (hardback) a9780470255605 (hardback) a(OCoLC)ocn671701597 cNust00a623.446,ALA1 aMcAulay, Alastair D.99934510aMilitary laser technology for defense :btechnology for revolutionizing 21st century warfare /cAlastair D. McAulay. aHoboken, N.J. :bWiley,cc2011. axvii, 305 p. :bill. ;c25 cm. a Part 1: Optics Technology For Defense Systems (Page-1), Part 2: Laser Technology for Defense Systems (Page-125), Part 3: Applications to Protect Against Military Threats (Page-205). 0aTelecommunication Engineering cREF2ddc c189238d189238 00102ddc4070aMCSbMCScREFd2016-12-12o623.466, ALApMCS35002r2016-12-08w2016-12-12yREFzAlmirah No.24, Shelf No.1